UBT Library

Shkrimi dhe komunikimi / (Record no. 1079)

000 -LEADER
fixed length control field 00462nam a22001817a 4500
008 - FIXED-LENGTH DATA ELEMENTS--GENERAL INFORMATION
fixed length control field 150630b xxu||||| |||| 00| 0 alb d
020 ## - INTERNATIONAL STANDARD BOOK NUMBER
International Standard Book Number 9789951437271
041 0# - LANGUAGE CODE
Language code of text/sound track or separate title alb
080 ## - UNIVERSAL DECIMAL CLASSIFICATION NUMBER
Universal Decimal Classification number 808.1
100 ## - Rafti
Rafti Zejnullahu, Safet;
245 ## - TITLE STATEMENT
Title Shkrimi dhe komunikimi /
Statement of responsibility, etc Safet Zejnullahu.
260 ## -
-- Prishtinë :
-- UBT ;
-- 2014.
300 ## -
-- 280 f.;
-- 21 cm.
505 ## -
-- Literatura: f. 277-279
650 #0 -
-- Shkrimi
650 #0 -
-- Komunikimi
942 ## - ADDED ENTRY ELEMENTS (KOHA)
Source of classification or shelving scheme
Item type Books
Holdings
Withdrawn status Lost status Source of classification or shelving scheme Damaged status Not for loan Collection code Permanent location Current location Shelving location Date acquired Total Checkouts Full call number Date last seen Price effective from Koha item type
          Koleksioni i përgjithshem UBT - Prishtine UBT - Prishtine Koleksioni i përgjithshem 06/30/2015   808.1 ZEJ 06/30/2015 06/30/2015 Books
UBT Library © 2015-2024. All rights reserved University Education for Business and Technology